Litterae armales Štátny achív v Bratislave : katalóg

Bibliographic Details
Main Authors: Vrtel, Ladislav, 1953- (Author), Výrostová, Zlatica (Author)
Other Authors: Bartalos, Bálint (Photographer), Kušnírová, Mária (Photographer), Kobetičová, Brigita (Translator)
Format: Book
Language:Slovak
English
PhysicalDescription:277 strán erby 21 x 30 cm
Published: Bratislava Štátny archív v Bratislave 2024
ISBN:9788097443238
Series:Ex Fontibus Archivi Regionalis Bratislavensis
Subjects:

MARC

LEADER 00000nam a2200000 4500
001 vtls012261035
003 SK-MaSNL
005 20260301231941.0
008 240724s2024 xo i g c 001 0 slo
015 |a SNBE2024 
020 |a 9788097443238  |q (brožované) 
040 |a SNK  |b slo  |c SNK  |e rda 
041 0 |a slo  |a eng 
043 |a e-hu--- 
044 |a xo  |c SK 
072 7 |a 929.5/.9  |x Genealógia. Heraldika. Šľachta. Vlajky  |2 konspekt 
080 |a 930.253  |2 2011 
080 |a 929.65  |2 2011 
080 |a 929.7.032:003.074  |2 2011 
080 |a (439.2)  |2 2011 
080 |a (083.82)  |2 2011 
100 1 |a Vrtel, Ladislav,  |d 1953-  |4 aut  |9 209488 
245 1 0 |a Litterae armales  |b Štátny achív v Bratislave : katalóg  |c Ladislav Vrtel, Zlatica Výrostová ; autori fotografií: Bálint Bartalos, Mária Kušnírová ; preklad do angličtiny Brigita Kobetičová 
246 3 1 |a Litterae armales  |b State Archives in Bratislava : catalogue 
264 1 |a Bratislava  |b Štátny archív v Bratislave  |c 2024 
300 |a 277 strán  |b erby  |c 21 x 30 cm 
336 |a text  |b txt  |2 rdacontent 
336 |a statický obraz  |b sti  |2 rdacontent 
337 |a bez média  |b n  |2 rdamedia 
338 |a zväzok  |b nc  |2 rdacarrier 
490 1 |a Ex Fontibus Archivi Regionalis Bratislavensis 
500 |a Zoznam skratiek 
504 |a Bibliografia na strane 262-268, bibliografické odkazy a menný register 
546 |a Súbežný názov a text v angličtine 
610 2 7 |a Štátny archív (Bratislava, Slovensko).  |b Pobočka Modra  |2 SNKKA  |9 168452 
648 7 |a 1434-1823  |2 SNKPH  |9 624847 
650 0 7 |a archívne fondy  |2 SNKPH  |9 1974 
650 0 7 |a erbové listiny  |2 SNKPH  |9 31793 
650 0 7 |a nobilitačné listiny  |2 SNKPH  |9 624848 
650 0 7 |a Archives  |2 SNKPHeng  |9 265292 
650 0 7 |a Heraldic documents  |2 SNKPHeng  |9 370350 
650 0 7 |a Nobility documents  |2 SNKPHeng  |9 624849 
651 7 |a Bratislavská župa (Uhorsko)  |2 SNKPH  |9 624850 
651 7 |a Bratislava County (Hungary)  |2 SNKPHeng  |9 624851 
655 7 |a katalógy  |2 SNKPH  |9 60821 
655 7 |a Catalogs  |2 SNKPHeng  |9 266059 
700 1 |a Výrostová, Zlatica  |4 aut  |9 624852 
700 1 |a Bartalos, Bálint  |4 pht  |9 624853 
700 1 |a Kušnírová, Mária  |4 pht  |9 7653 
700 1 |a Kobetičová, Brigita  |4 trl  |9 402540 
830 0 |a Ex Fontibus Archivi Regionalis Bratislavensis  |9 624854 
852 |a Slovenská národná knižnica 
919 |a 978-80-974432-3-8 
954 |a iná literatúra (príručky, kuchárske knihy, hobby literatúra, sprievodcovia) pôvodná (slovenská)  |2 lita 
958 |a NB 
999 |c 959986  |d 961916 
952 |a SNK  |b SNK  |y PREZ  |7 0  |p 17A1549751  |o snkSC 207258  |i snk2024/11866  |8 0  |0 0  |1 0  |4 0  |d 2024-07-24  |l 0  |r 2025-10-30 00:00:00  |w 2026-02-24 
952 |a SNK  |b SNK  |y VYP  |7 0  |p 17A1551433  |o snkSC 207258 D1  |i snk2024/11867  |8 0  |0 0  |1 0  |4 0  |d 2024-07-24  |l 0  |r 2026-02-24 10:16:16  |w 2026-02-24